| 000 | 00000nam 2200000zi 4500 |
| 001 | 9.920663 |
| 003 | CaOODSP |
| 005 | 20230515121159 |
| 006 | m o d f |
| 007 | cr cn||||||||| |
| 008 | 230307t202303 onca ob f000 0 eng d |
| 020 | |a9780660479187 |
| 040 | |aCaOODSP|beng|erda|cCaOODSP |
| 043 | |an-cn--- |
| 086 | 1 |aHP45-33/2023E-PDF |
| 245 | 00|aBiosafety program management : |bCanadian biosafety guideline. |
| 246 | 13|aCanadian biosafety guideline : |bbiosafety program management |
| 264 | 1|a[Ottawa] : |bGovernment of Canada = Gouvernement du Canada, |cMarch 2023. |
| 264 | 4|c©2023 |
| 300 | |a1 online resource (viii, 52 pages) : |bcolour illustrations |
| 336 | |atext|btxt|2rdacontent |
| 337 | |acomputer|bc|2rdamedia |
| 338 | |aonline resource|bcr|2rdacarrier |
| 500 | |aIssued also in French under title: Gestion du programme de biosécurité : ligne directrice canadienne sur la biosécurité. |
| 500 | |aTitle from cover. |
| 500 | |aIssued by: Public Health Agency of Canada. |
| 504 | |aIncludes bibliographical references. |
| 650 | 0|aBiosecurity|zCanada. |
| 650 | 0|aBiological laboratories|zCanada|xSafety measures. |
| 710 | 2 |aPublic Health Agency of Canada, |eissuing body. |
| 775 | 08|tGestion du programme de biosécurité : |w(CaOODSP)9.920664 |
| 856 | 40|qPDF|s5.96 MB|uhttps://publications.gc.ca/collections/collection_2023/aspc-phac/HP45-33-2023-eng.pdf |
| 856 | 4 |qHTML|sN/A|uhttps://www.canada.ca/en/public-health/services/canadian-biosafety-standards-guidelines/guidance/biosafety-program-management/guideline.html |
| 986 | |a220805 |